|
|
|
|
| LEADER |
00000nam0a2200000 4500 |
| 001 |
36225 |
| 005 |
20231031001445.0 |
| 035 |
|
|
|a (RuTPU)RU\TPU\book\36695
|
| 035 |
|
|
|a BOOK00003347
|
| 090 |
|
|
|a 36225
|
| 100 |
|
|
|a 20011210d1977 m y0rusy50 ca
|
| 101 |
0 |
|
|a rus
|
| 102 |
|
|
|a RU
|
| 105 |
|
|
|a y j 000zy
|
| 200 |
1 |
|
|a Экономика и организация промышленного производства
|e учебное пособие
|f М. Н. Тимохин, Р. А. Баткаев, А. П. Вавилов, В. Ф. Васютин
|
| 210 |
|
|
|a Москва
|c Мысль
|d 1977
|
| 215 |
|
|
|a 416 с.
|
| 333 |
|
|
|a Исключено из фонда НТБ ТПУ
|
| 701 |
|
1 |
|a Тимохин
|b М. Н.
|g Михаил Никитич
|
| 701 |
|
1 |
|a Баткаев
|b Р. А.
|g Рафик Абдулович
|
| 701 |
|
1 |
|a Вавилов
|b А. П.
|
| 701 |
|
1 |
|a Васютин
|b В. Ф.
|
| 801 |
|
0 |
|a RU
|b 63413507
|c 20011210
|g PSBO
|
| 801 |
|
2 |
|a RU
|b 63413507
|c 20220201
|g PSBO
|
| 942 |
|
|
|c BK
|